004860000a220010900045001000015000002450025000153000047000405000161000875200081002486500019003297730028003481 aNile, Fred10aGeneral Georges Sada aVol.0, núm.0 (December 2005), Página 2 aEste artículo fue tomado de la página web de Middle East Reformed Fellowship, pero fue revisado y editado para proveer detalles familiares actualizados. aBiografía de Eli Smith, pionero en la traducción de la Biblia en Árabe14aBIBLIA-ÁRABE0 tThe Presbyterian Banner